Διαδικασίες και μορφές περιθωριοποίησης : ο κοινωνικός αποκλεισμός των χρηστών ναρκωτικών ουσιών: το παράδειγμα της Μυτιλήνης
Αποθηκεύτηκε σε:
| Κύριος συγγραφέας: | |
|---|---|
| Συγγραφή απο Οργανισμό/Αρχή: | |
| Άλλοι συγγραφείς: | |
| Μορφή: | Thesis Βιβλίο |
| Γλώσσα: | Greek |
| Δημοσίευση: |
2009.
|
| Θέματα: | |
| Διαθέσιμο Online: | http://hdl.handle.net/11610/11908 |
| Ετικέτες: |
Προσθήκη ετικέτας
Δεν υπάρχουν, Καταχωρήστε ετικέτα πρώτοι!
|
MARC
| LEADER | 00000cam a2200000 i 4500 | ||
|---|---|---|---|
| 001 | 1/6628 | ||
| 008 | 100419s2009 gre d | ||
| 035 | |l 10107577 | ||
| 040 | |a GR-MY-UA |b gre |e aacr | ||
| 041 | 0 | |a gre | |
| 082 | 0 | |a 362.29 |2 (22) | |
| 100 | 1 | |a Κουτζακιόζη, Ουρανία. | |
| 245 | 1 | 0 | |a Διαδικασίες και μορφές περιθωριοποίησης : |b ο κοινωνικός αποκλεισμός των χρηστών ναρκωτικών ουσιών: το παράδειγμα της Μυτιλήνης / |c Κουτζακιόζη Ουρανία ; επιβλέπων καθηγητής: Ψημίτης Μιχάλης. |
| 260 | |c 2009. | ||
| 300 | |a 164 σ. : |b εικ. ; |c 30 εκ. | ||
| 500 | |a Βιβλιογραφία: σ. 141-151. | ||
| 502 | |a Διατριβή (μεταπτυχιακή) - Πανεπιστήμιο Αιγαίου, Λέσβος, 2009. | ||
| 650 | 0 | |a Marginality, Social |z Greece |z Mytilene (Lesbos) | |
| 650 | 0 | 0 | |a Drug addicts |z Greece |z Mytilene (Lesbos) |
| 650 | 0 | 0 | |a Drug abuse surveys |z Greece |z Mytilene (Lesbos) |
| 650 | 0 | 0 | |a Narcotic addicts |x Rehabilitation. |
| 650 | 0 | 0 | |a Drug addicts |x Interviews. |
| 650 | 0 | 0 | |a Drug abuse |x Social aspects. |
| 650 | 0 | 0 | |a Dissertations, Academic |z Greece. |
| 700 | 1 | |a Ψημίτης, Μιχάλης, |e dgs [Επιβλέπων καθηγητής] | |
| 710 | 2 | |a Πανεπιστήμιο Αιγαίου |b Σχολή Κοινωνικών Επιστημών |b Τμήμα Κοινωνιολογίας |b Μεταπτυχιακό Πρόγραμμα Σπουδών Έρευνα Εφαρμοσμένη στην Ανάπτυξη Καινοτόμων Τοπικών και Περιφερειακών Πολιτικών και την Κοινωνική Συνοχή. | |
| 852 | |a INST |b LESVOS |c DIATR |e 20100419 |h 91 |p 005100046206 |q 005100046206 |t MTXE |y 23 | ||
| 852 | |a INST |b LESVOS |c DIATR |e 20100419 |h 92 |p 005100046205 |q 005100046205 |t MTXE |y 23 | ||
| 856 | |u http://hdl.handle.net/11610/11908 | ||
| 901 | |a BIBL1-2010-1 | ||
| 909 | |a Λ |b 162844 | ||
| 909 | |a Λ |b 162845 | ||
| 924 | |a ΚΟΥΤΖΑΚΙΟΖΗ |b ΟΥΡΑΝΙΑ |y ΛΕΣΒΟΣ |z 2009-05 | ||
| 970 | |a ΤΖΑΦΕΡΗ |b ΕΥΑΓΓΕΛΙΑ |z 2010/04/19 | ||